Critical reading and writing for postgraduates / (Record no. 3969)

MARC details
000 -LEADER
fixed length control field 00990cam a22003014a 4500
001 - CONTROL NUMBER
control field 16151453
003 - CONTROL NUMBER IDENTIFIER
control field OSt
005 - DATE AND TIME OF LATEST TRANSACTION
control field 20160510175842.0
008 - FIXED-LENGTH DATA ELEMENTS--GENERAL INFORMATION
fixed length control field 100324s2011 caua b 001 0 eng
010 ## - LIBRARY OF CONGRESS CONTROL NUMBER
LC control number 2010925469
020 ## - INTERNATIONAL STANDARD BOOK NUMBER
International Standard Book Number 9781849205610 (hardback)
020 ## - INTERNATIONAL STANDARD BOOK NUMBER
International Standard Book Number 9781849205627 (pbk.)
040 ## - CATALOGING SOURCE
Original cataloging agency DLC
Transcribing agency DLC
Modifying agency DLC
042 ## - AUTHENTICATION CODE
Authentication code pcc
050 00 - LIBRARY OF CONGRESS CALL NUMBER
Classification number LB2395.3
Item number .W35 2011
100 1# - MAIN ENTRY--PERSONAL NAME
Personal name Wallace, Mike,
Dates associated with a name 1950-.
9 (RLIN) 8688
245 10 - TITLE STATEMENT
Title Critical reading and writing for postgraduates /
Statement of responsibility, etc. Mike Wallace, Alison Wray.
250 ## - EDITION STATEMENT
Edition statement 2nd ed.
260 ## - PUBLICATION, DISTRIBUTION, ETC. (IMPRINT)
Place of publication, distribution, etc. Thousand Oaks, CA :
Name of publisher, distributor, etc. SAGE Publications,
Date of publication, distribution, etc. 2011.
300 ## - PHYSICAL DESCRIPTION
Extent x, 252 p. :
Other physical details ill. ;
Dimensions 25 cm.
504 ## - BIBLIOGRAPHY, ETC. NOTE
Bibliography, etc Includes bibliographical references and index.
650 #0 - SUBJECT ADDED ENTRY--TOPICAL TERM
Topical term or geographic name as entry element Reading (Higher education)
9 (RLIN) 8689
650 #0 - SUBJECT ADDED ENTRY--TOPICAL TERM
Topical term or geographic name as entry element Critical thinking
General subdivision Study and teaching (Higher)
9 (RLIN) 8690
700 1# - ADDED ENTRY--PERSONAL NAME
Personal name Wray, Alison.
9 (RLIN) 8691
906 ## - LOCAL DATA ELEMENT F, LDF (RLIN)
a 7
b cbc
c orignew
d 2
e epcn
f 20
g y-gencatlg
942 ## - ADDED ENTRY ELEMENTS (KOHA)
Source of classification or shelving scheme Dewey Decimal Classification
Koha item type Short Loan
Holdings
Withdrawn status Lost status Source of classification or shelving scheme Damaged status Not for loan Home library Current library Date acquired Total Checkouts Barcode Date last seen Price effective from Koha item type Source of acquisition Inventory number Full call number
    Dewey Decimal Classification     MUST Main Library MUST Main Library 10/05/2016   2016-1739 10/05/2016 10/05/2016 Short Loan      
    Dewey Decimal Classification     MUST Main Library MUST Main Library 05/02/2020   2020-0326 05/02/2020 05/02/2020 Open Shelf Donation 2012/36164  
    Dewey Decimal Classification     MUST Main Library MUST Main Library 20/01/2022   2022-0077 20/01/2022 20/01/2022 Book Purchase 14/38507 371.302 WAL 2011